| 000 | 01702nam0a2200385 4500 | ||
|---|---|---|---|
| 001 | RU\NLR\bibl\322131 | ||
| 005 | 20260405092409.0 | ||
| 010 |
_a5-16-000994-9 _95000 |
||
| 021 |
_aRU _b2002-31017 _91538 |
||
| 035 | _a(NLR Aleph) 000317161 | ||
| 090 |
_a74168 _c74168 |
||
| 100 | _a20021008d2002 |||y0rusy50 ca | ||
| 101 | 0 | _arus | |
| 102 | _aRU | ||
| 105 | _aa ||||||||| | ||
| 200 | 1 |
_aОрганизационное проектирование систем управления _eУчеб. пособие _fВ. С. Соловьев |
|
| 210 |
_aМ. _aНовосибирск _cИНФРА-М _cСиб. соглашение _d2002 |
||
| 215 |
_a134,[1] с. _cил. _d21 |
||
| 225 | 1 | _aВысшее образование | |
| 320 | _aБиблиогр.: с. 96-98 | ||
| 606 | 0 |
_aОрганизационное проектирование _jРуководства, пособия и т.п. для высшей школы _92184537 _3RU\NLR\auth\661313457 |
|
| 606 | 0 |
_aОрганизационное проектирование _jУчебные издания для высшей школы _92184537 _3RU\NLR\auth\661313457 |
|
| 610 | 0 | _aОрганизация управления | |
| 675 |
_a658.512.22(075.8) _v3 _zrus |
||
| 686 |
_a06.81 _2rugasnti |
||
| 686 |
_a65.050я73 _2rubbk |
||
| 686 | _aУ21(2)2я73 | ||
| 686 | _aУ29(0)я73 | ||
| 700 | 1 |
_4070 _8rus _7ca _aСоловьев _bВ. С. _cканд. экон. наук, системы управления _f1940- _gВладимир Сергеевич _3RU\NLR\AUTH\7733520 _916528 |
|
| 801 | 0 |
_aRU _bRKP _c20021008 _gPSBO |
|
| 801 | 1 |
_aRU _bRKP _c20021008 |
|
| 801 | 2 |
_aRU _bNLR _c20060127 _grcr |
|
| 942 | _cBOOK | ||
| 980 | _aNB | ||